Score 0/21 Timer 02:30
1 Play Today
Hint Answer % Correct
Pistachio or pecan, for exampleNUT
96.2%
'Jack ___ Jill'AND
95.8%
Hearing organEAR
95.4%
'...and nothing ___ the truth'BUT
95.3%
'All good things must come to an ___.'END
94.9%
Vegetable that kept a princess awakePEA
93.3%
'___ your bottom dollar....'BET
91.5%
Companion animalPET
91.3%
Fetch, obtainGET
91.2%
Hair styling productGEL
91.1%
It can follow 'drag,' 'fish,' or 'inter'NET
90.4%
Hint Answer % Correct
L.A. neighborhood: ___ AirBEL
90.1%
Auction offerBID
88.8%
A spelling or quilting eventBEE
88.1%
Where the flowers restBED
87.6%
The Caped Crusader's animal namesakeBAT
86.9%
Surname of Peggy, Harper, Ang, and Robert E.LEE
86.1%
'To ___ is human....'ERR
85.4%
Frequently paired with 'abet'AID
84.3%
Watering holeBAR
84%
Entity-relationship Diagram, for shortERD
79.5%

Today's Daily Dose

Word Ladder
Don't Stop

Get the Picture
Ginny or Prim

Remove Ads.
Support Sporcle.
Get the best of Sporcle when you Go Orange. This ad-free experience offers more features, more stats, and more fun while also helping to support Sporcle. Thank you for becoming a member.

You're not logged in!

Compare scores with friends on all Sporcle quizzes.
OR
Log In

Sporcle TV

Today on Sporcle TV


Watch our educational content, quiz creation guides, and fun videos on Sporcle TV.

Show Comments

Extras

Top Quizzes Today


Score Distribution

Paid Content

Your Account Isn't Verified!

In order to create a playlist on Sporcle, you need to verify the email address you used during registration. Go to your Sporcle Settings to finish the process.

Report this User

Report this user for behavior that violates our Community Guidelines.

Details: